[Event "DEM U10w 2023"]
[Site "Willingen GER"]
[Date "2023.05.29"]
[Round "3"]
[White "Bharathula, Akhila"]
[Black "Greither, Flora"]
[Result "0-1"]
[Termination "normal"]
[Board "13"]
[WhiteElo "1117"]
[BlackElo "978"]
[WhiteClock "00:34:26"]
[BlackClock "01:13:47"]
[PlyCount "128"]
[WhiteFideId "34641777"]
[EventCountry "GER"]
[EventRounds "11"]
[EventType "swiss"]
[EventDate "2023.05.27"]

1. e4 {[%clk 01:15:58]} e5 {[%clk 01:15:57]} {[%emt 00:00:06]} 2. Nc3 {[%clk
01:16:18]} {[%emt 00:00:08]} Nf6 {[%clk 01:16:22]} {[%emt 00:00:05]} 3. Bc4
{[%clk 01:16:38]} {[%emt 00:00:09]} Nc6 {[%clk 01:16:46]} {[%emt 00:00:06]} 4.
d3 {[%clk 01:16:59]} {[%emt 00:00:10]} Be7 {[%clk 01:17:09]} {[%emt 00:00:06]}
5. Nge2 {[%clk 01:17:13]} {[%emt 00:00:17]} d6 {[%clk 01:17:30]} {[%emt
00:00:09]} 6. O-O {[%clk 01:17:12]} {[%emt 00:00:31]} O-O {[%clk 01:17:50]}
{[%emt 00:00:11]} 7. f4 {[%clk 01:17:21]} {[%emt 00:00:21]} Na5 {[%clk
01:18:01]} {[%emt 00:00:19]} 8. Bb3 {[%clk 01:17:05]} {[%emt 00:00:45]} Nxb3
{[%clk 01:18:25]} {[%emt 00:00:07]} 9. axb3 {[%clk 01:17:26]} {[%emt 00:00:09]}
Bg4 {[%clk 01:18:43]} {[%emt 00:00:11]} 10. fxe5 {[%clk 01:15:00]} {[%emt
00:02:56]} dxe5 {[%clk 01:18:52]} {[%emt 00:00:21]} 11. h3 {[%clk 01:03:52]}
{[%emt 00:11:38]} Bh5 {[%clk 01:19:08]} {[%emt 00:00:13]} 12. Be3 {[%clk
01:03:50]} {[%emt 00:00:32]} a6 {[%clk 01:18:46]} {[%emt 00:00:52]} 13. d4
{[%clk 01:02:06]} {[%emt 00:02:14]} exd4 {[%clk 01:18:11]} {[%emt 00:01:05]}
14. Qxd4 {[%clk 01:00:33]} {[%emt 00:02:04]} Qe8 {[%clk 01:15:42]} {[%emt
00:02:57]} 15. e5 {[%clk 00:58:58]} {[%emt 00:02:06]} Rd8 {[%clk 01:15:47]}
{[%emt 00:00:25]} 16. Qf4 {[%clk 00:58:54]} {[%emt 00:00:33]} Nd5 {[%clk
01:15:43]} {[%emt 00:00:34]} 17. Qg3 {[%clk 00:58:06]} {[%emt 00:01:18]} Nxe3
{[%clk 01:15:33]} {[%emt 00:00:42]} 18. Qxe3 {[%clk 00:58:23]} {[%emt
00:00:13]} b6 {[%clk 01:15:29]} {[%emt 00:00:34]} 19. Qf4 {[%clk 00:55:27]}
{[%emt 00:03:26]} h6 {[%clk 01:14:56]} {[%emt 00:01:01]} 20. Rad1 {[%clk
00:52:25]} {[%emt 00:03:34]} Bg5 {[%clk 01:11:14]} {[%emt 00:04:11]} 21. Rxd8
{[%clk 00:50:06]} {[%emt 00:02:50]} Qxd8 {[%clk 01:11:26]} {[%emt 00:00:18]}
22. Qg3 {[%clk 00:48:45]} {[%emt 00:01:40]} Bh4 {[%clk 01:10:08]} {[%emt
00:01:59]} 23. Qd3 {[%clk 00:45:49]} {[%emt 00:03:25]} Qg5 {[%clk 01:09:30]}
{[%emt 00:01:08]} 24. Ne4 {[%clk 00:44:47]} {[%emt 00:01:34]} Qe7 {[%clk
01:08:52]} {[%emt 00:00:59]} 25. Nf4 {[%clk 00:42:28]} {[%emt 00:02:57]} Qxe5
{[%clk 01:08:00]} {[%emt 00:01:22]} 26. g3 {[%clk 00:38:40]} {[%emt 00:04:19]}
Be7 {[%clk 01:07:35]} {[%emt 00:00:55]} 27. Nxh5 {[%clk 00:36:25]} {[%emt
00:02:45]} Qxh5 {[%clk 01:07:42]} {[%emt 00:00:22]} 28. Qd7 {[%clk 00:32:39]}
{[%emt 00:04:17]} Bc5+ {[%clk 01:07:06]} {[%emt 00:01:04]} 29. Kg2 {[%clk
00:31:50]} {[%emt 00:01:21]} Qe2+ {[%clk 01:07:13]} {[%emt 00:00:23]} 30. Nf2
{[%clk 00:31:53]} {[%emt 00:00:25]} Qxc2 {[%clk 01:07:09]} {[%emt 00:00:35]}
31. Qd1 {[%clk 00:29:55]} {[%emt 00:02:25]} Qxb2 {[%clk 01:07:08]} {[%emt
00:00:35]} 32. Qb1 {[%clk 00:28:07]} {[%emt 00:02:16]} Qxb1 {[%clk 01:07:02]}
{[%emt 00:00:38]} 33. Rxb1 {[%clk 00:28:29]} {[%emt 00:00:08]} Re8 {[%clk
01:07:23]} {[%emt 00:00:09]} 34. Nd3 {[%clk 00:28:38]} {[%emt 00:00:22]} Re2+
{[%clk 01:07:28]} {[%emt 00:00:24]} 35. Kf1 {[%clk 00:28:22]} {[%emt 00:00:45]}
Re3 {[%clk 01:07:27]} {[%emt 00:00:33]} 36. Nxc5 {[%clk 00:28:38]} {[%emt
00:00:13]} bxc5 {[%clk 01:07:48]} {[%emt 00:00:09]} 37. Kf2 {[%clk 00:28:47]}
{[%emt 00:00:19]} Rc3 {[%clk 01:08:07]} {[%emt 00:00:13]} 38. Ra1 {[%clk
00:28:17]} {[%emt 00:01:01]} Rxb3 {[%clk 01:08:24]} {[%emt 00:00:13]} 39. Rxa6
{[%clk 00:28:38]} {[%emt 00:00:08]} c4 {[%clk 01:08:48]} {[%emt 00:00:07]} 40.
Rc6 {[%clk 00:28:46]} {[%emt 00:00:21]} c3 {[%clk 01:09:07]} {[%emt 00:00:12]}
41. Ke2 {[%clk 00:29:09]} {[%emt 00:00:07]} Rb2+ {[%clk 01:09:22]} {[%emt
00:00:15]} 42. Kd1 {[%clk 00:29:30]} {[%emt 00:00:08]} c2+ {[%clk 01:09:37]}
{[%emt 00:00:16]} 43. Kc1 {[%clk 00:29:51]} {[%emt 00:00:09]} Rb6 {[%clk
01:09:33]} {[%emt 00:00:33]} 44. Rxc7 {[%clk 00:30:06]} {[%emt 00:00:14]} Rb3
{[%clk 01:09:44]} {[%emt 00:00:20]} 45. Kxc2 {[%clk 00:30:17]} {[%emt
00:00:19]} Rxg3 {[%clk 01:10:06]} {[%emt 00:00:07]} 46. Kd2 {[%clk 00:30:36]}
{[%emt 00:00:11]} Rxh3 {[%clk 01:10:14]} {[%emt 00:00:22]} 47. Ke2 {[%clk
00:31:00]} {[%emt 00:00:07]} g5 {[%clk 01:10:35]} {[%emt 00:00:09]} 48. Kf2
{[%clk 00:31:20]} {[%emt 00:00:10]} g4 {[%clk 01:10:56]} {[%emt 00:00:09]} 49.
Kg2 {[%clk 00:31:39]} {[%emt 00:00:11]} f5 {[%clk 01:11:14]} {[%emt 00:00:12]}
50. Rc4 {[%clk 00:31:47]} {[%emt 00:00:21]} Rf3 {[%clk 01:11:21]} {[%emt
00:00:24]} 51. Rc6 {[%clk 00:31:48]} {[%emt 00:00:27]} h5 {[%clk 01:11:45]}
{[%emt 00:00:08]} 52. Rc5 {[%clk 00:32:08]} {[%emt 00:00:08]} h4 {[%clk
01:12:08]} {[%emt 00:00:10]} 53. Rc8+ {[%clk 00:32:21]} {[%emt 00:00:17]} Kg7
{[%clk 01:12:28]} {[%emt 00:00:10]} 54. Rc7+ {[%clk 00:32:44]} {[%emt
00:00:07]} Kf6 {[%clk 01:12:54]} {[%emt 00:00:04]} 55. Rc6+ {[%clk 00:32:58]}
{[%emt 00:00:16]} Ke5 {[%clk 01:13:16]} {[%emt 00:00:07]} 56. Rc5+ {[%clk
00:33:12]} {[%emt 00:00:16]} Kf4 {[%clk 01:13:37]} {[%emt 00:00:09]} 57. Rc4+
{[%clk 00:33:28]} {[%emt 00:00:14]} Kg5 {[%clk 01:14:00]} {[%emt 00:00:07]} 58.
Rc1 {[%clk 00:33:28]} {[%emt 00:00:30]} h3+ {[%clk 01:13:40]} {[%emt 00:00:49]}
59. Kh2 {[%clk 00:33:31]} {[%emt 00:00:27]} Kh4 {[%clk 01:13:56]} {[%emt
00:00:14]} 60. Rc4 {[%clk 00:33:32]} {[%emt 00:00:29]} f4 {[%clk 01:14:11]}
{[%emt 00:00:16]} 61. Rc8 {[%clk 00:33:39]} {[%emt 00:00:23]} g3+ {[%clk
01:14:29]} {[%emt 00:01:29]} 62. Kh1 {[%clk 00:33:48]} {[%emt 00:00:17]} g2+
{[%clk 01:14:51]} {[%emt 00:00:09]} 63. Kg1 {[%clk 00:34:07]} {[%emt 00:00:12]}
Rf1+ {[%clk 01:15:12]} {[%emt 00:00:08]} 64. Kh2 {[%clk 00:34:26]} {[%emt
00:00:11]} g1=Q# {[%clk 01:13:47]} {[%emt 00:00:10]} 0-1

[Event "DEM U10w 2023"]
[Site "Willingen GER"]
[Date "2023.05.29"]
[Round "3"]
[White "Trush, Diana"]
[Black "Döscher, Nayla"]
[Result "1-0"]
[Termination "normal"]
[Board "14"]
[WhiteElo "1002"]
[BlackElo "1111"]
[WhiteClock "00:42:45"]
[BlackClock "00:21:54"]
[PlyCount "61"]
[WhiteFideId "34644091"]
[BlackFideId "34625046"]
[EventCountry "GER"]
[EventRounds "11"]
[EventType "swiss"]
[EventDate "2023.05.27"]

1. e4 {[%clk 01:15:58]} {[%emt 00:00:01]} e5 {[%clk 01:15:53]} {[%emt
00:00:08]} 2. Nf3 {[%clk 01:15:56]} {[%emt 00:00:31]} Nc6 {[%clk 01:16:13]}
{[%emt 00:00:10]} 3. Bc4 {[%clk 01:15:35]} {[%emt 00:00:50]} h6 {[%clk
01:16:24]} {[%emt 00:00:19]} 4. c3 {[%clk 01:10:07]} {[%emt 00:05:59]} Nf6
{[%clk 01:13:41]} {[%emt 00:03:14]} 5. O-O {[%clk 01:08:39]} {[%emt 00:01:57]}
d6 {[%clk 01:09:44]} {[%emt 00:04:27]} 6. h3 {[%clk 01:07:11]} {[%emt
00:01:57]} Nxe4 {[%clk 01:09:10]} {[%emt 00:01:05]} 7. d3 {[%clk 01:06:18]}
{[%emt 00:01:23]} Nf6 {[%clk 01:00:20]} {[%emt 00:09:20]} 8. Re1 {[%clk
01:05:59]} {[%emt 00:00:49]} Be7 {[%clk 01:00:07]} {[%emt 00:00:42]} 9. d4
{[%clk 01:05:31]} {[%emt 00:00:59]} e4 {[%clk 00:59:55]} {[%emt 00:00:42]} 10.
Nfd2 {[%clk 01:03:21]} {[%emt 00:02:41]} d5 {[%clk 00:58:05]} {[%emt 00:02:19]}
11. Bb3 {[%clk 01:00:58]} {[%emt 00:02:53]} O-O {[%clk 00:58:06]} {[%emt
00:00:28]} 12. f3 {[%clk 00:59:18]} {[%emt 00:02:09]} Bf5 {[%clk 00:53:51]}
{[%emt 00:04:46]} 13. Qc2 {[%clk 00:58:56]} {[%emt 00:00:53]} Qd6 {[%clk
00:50:30]} {[%emt 00:03:51]} 14. fxe4 {[%clk 00:58:25]} {[%emt 00:01:00]} dxe4
{[%clk 00:45:35]} {[%emt 00:05:25]} 15. Nxe4 {[%clk 00:58:49]} {[%emt
00:00:07]} Nxe4 {[%clk 00:44:43]} {[%emt 00:01:22]} 16. Rxe4 {[%clk 00:59:15]}
{[%emt 00:00:04]} Bxe4 {[%clk 00:44:03]} {[%emt 00:01:10]} 17. Qxe4 {[%clk
00:59:42]} {[%emt 00:00:02]} Rae8 {[%clk 00:40:19]} {[%emt 00:04:15]} 18. Bc2
{[%clk 00:58:51]} {[%emt 00:01:21]} f5 {[%clk 00:38:38]} {[%emt 00:02:12]} 19.
Bb3+ {[%clk 00:55:20]} {[%emt 00:04:00]} Kh8 {[%clk 00:38:47]} {[%emt
00:00:20]} 20. Qf3 {[%clk 00:53:42]} {[%emt 00:02:06]} Bf6 {[%clk 00:36:28]}
{[%emt 00:02:52]} 21. Bd2 {[%clk 00:51:59]} {[%emt 00:02:14]} a6 {[%clk
00:28:45]} {[%emt 00:08:13]} 22. Qh5 {[%clk 00:50:05]} {[%emt 00:02:23]} f4
{[%clk 00:24:37]} {[%emt 00:04:39]} 23. g3 {[%clk 00:49:49]} {[%emt 00:00:46]}
fxg3 {[%clk 00:23:30]} {[%emt 00:01:37]} 24. Bxh6 {[%clk 00:49:45]} {[%emt
00:00:34]} Re1+ {[%clk 00:22:52]} {[%emt 00:01:08]} 25. Kg2 {[%clk 00:50:00]}
{[%emt 00:00:15]} Rg1+ {[%clk 00:21:37]} {[%emt 00:01:45]} 26. Kxg1 {[%clk
00:50:00]} {[%emt 00:00:31]} Bxd4+ {[%clk 00:21:46]} {[%emt 00:00:20]} 27. Be3+
{[%emt 00:00:07]} Qh6 {[%emt 00:00:38]} 28. Qxh6+ {[%clk 00:44:07]} {[%emt
00:05:38]} gxh6 {[%clk 00:22:08]} {[%emt 00:00:08]} 29. Bxd4+ {[%clk 00:44:21]}
{[%emt 00:00:15]} Kh7 {[%clk 00:22:13]} {[%emt 00:00:25]} 30. Bc5 {[%clk
00:43:25]} {[%emt 00:01:26]} Re8 {[%clk 00:21:54]} {[%emt 00:00:49]} 31. Nd2
{[%clk 00:42:45]} {[%emt 00:01:11]} 1-0

[Event "DEM U10w 2023"]
[Site "Willingen GER"]
[Date "2023.05.29"]
[Round "3"]
[White "Börner, Martha"]
[Black "Guruprasad, Aditi"]
[Result "0-1"]
[Termination "normal"]
[Board "15"]
[WhiteElo "1086"]
[BlackElo "893"]
[WhiteClock "01:21:43"]
[BlackClock "00:40:19"]
[PlyCount "162"]
[WhiteFideId "34665382"]
[EventCountry "GER"]
[EventRounds "11"]
[EventType "swiss"]
[EventDate "2023.05.27"]

1. e4 {[%clk 01:15:57]} {[%emt 00:00:02]} d5 {[%clk 01:15:55]} {[%emt
00:00:06]} 2. exd5 {[%clk 01:16:17]} {[%emt 00:00:09]} Qxd5 {[%clk 01:16:15]}
{[%emt 00:00:11]} 3. Nc3 {[%clk 01:16:29]} {[%emt 00:00:17]} Qd6 {[%clk
01:16:38]} {[%emt 00:00:08]} 4. Nf3 {[%clk 01:16:41]} {[%emt 00:00:17]} Nf6
{[%clk 01:16:57]} {[%emt 00:00:11]} 5. d4 {[%clk 01:16:44]} {[%emt 00:00:28]}
c6 {[%clk 01:17:08]} {[%emt 00:00:19]} 6. Bc4 {[%clk 01:16:51]} {[%emt
00:00:22]} Bg4 {[%clk 01:16:43]} {[%emt 00:00:52]} 7. h3 {[%clk 01:17:06]}
{[%emt 00:00:18]} Bxf3 {[%clk 01:17:01]} {[%emt 00:00:12]} 8. Qxf3 {[%clk
01:17:24]} {[%emt 00:00:12]} Qxd4 {[%clk 01:16:49]} {[%emt 00:00:42]} 9. Qd3
{[%clk 01:17:12]} {[%emt 00:00:43]} Qxd3 {[%clk 01:17:04]} {[%emt 00:00:15]}
10. cxd3 {[%clk 01:17:26]} {[%emt 00:00:15]} e5 {[%clk 01:17:02]} {[%emt
00:00:33]} 11. Bg5 {[%clk 01:17:24]} {[%emt 00:00:32]} Be7 {[%clk 01:17:07]}
{[%emt 00:00:20]} 12. Bh4 {[%clk 01:16:49]} {[%emt 00:01:09]} Nbd7 {[%clk
01:17:14]} {[%emt 00:00:19]} 13. O-O {[%clk 01:16:56]} {[%emt 00:00:27]} O-O
{[%clk 01:16:56]} {[%emt 00:00:49]} 14. Ne4 {[%clk 01:17:05]} {[%emt 00:00:21]}
Rae8 {[%clk 01:12:10]} {[%emt 00:05:12]} 15. f4 {[%clk 01:13:53]} {[%emt
00:03:46]} Nxe4 {[%clk 01:10:43]} {[%emt 00:01:57]} 16. Bxe7 {[%clk 01:13:50]}
{[%emt 00:00:33]} Rxe7 {[%clk 01:10:59]} {[%emt 00:00:14]} 17. dxe4 {[%clk
01:14:04]} {[%emt 00:00:15]} Nc5 {[%clk 01:09:03]} {[%emt 00:02:24]} 18. Rae1
{[%clk 01:13:44]} {[%emt 00:00:53]} b5 {[%clk 01:07:55]} {[%emt 00:01:34]} 19.
b4 {[%clk 01:13:29]} {[%emt 00:00:49]} bxc4 {[%clk 01:06:47]} {[%emt 00:01:38]}
20. bxc5 {[%clk 01:13:47]} {[%emt 00:00:12]} exf4 {[%clk 01:06:52]} {[%emt
00:00:25]} 21. Rxf4 {[%clk 01:14:02]} {[%emt 00:00:15]} Re5 {[%clk 01:05:54]}
{[%emt 00:01:19]} 22. Rf5 {[%clk 01:14:02]} {[%emt 00:00:39]} Rxf5 {[%clk
01:06:15]} {[%emt 00:00:11]} 23. exf5 {[%clk 01:14:20]} {[%emt 00:00:10]} g6
{[%clk 01:05:48]} {[%emt 00:00:57]} 24. f6 {[%clk 01:14:38]} {[%emt 00:00:13]}
h5 {[%clk 01:06:00]} {[%emt 00:00:17]} 25. Re7 {[%clk 01:14:44]} {[%emt
00:00:25]} c3 {[%clk 01:01:51]} {[%emt 00:04:37]} 26. Re2 {[%clk 01:14:58]}
{[%emt 00:00:16]} Rd8 {[%clk 00:59:13]} {[%emt 00:03:08]} 27. Rc2 {[%clk
01:15:03]} {[%emt 00:00:27]} Rd2 {[%clk 00:58:42]} {[%emt 00:00:49]} 28. Rxc3
{[%clk 01:15:12]} {[%emt 00:00:33]} Rxa2 {[%clk 00:59:02]} {[%emt 00:00:10]}
29. Rd3 {[%clk 01:15:25]} {[%emt 00:00:17]} Rc2 {[%clk 00:58:29]} {[%emt
00:01:02]} 30. Rd8+ {[%clk 01:15:44]} {[%emt 00:00:12]} Kh7 {[%clk 00:58:31]}
{[%emt 00:00:28]} 31. Rf8 {[%clk 01:16:01]} {[%emt 00:00:13]} Rc1+ {[%emt
00:00:07]} 32. Kh2 {[%emt 00:00:14]} Rf1 {[%emt 00:01:32]} 33. Rxf7+ {[%emt
00:00:12]} Kh6 {[%clk 00:56:49]} {[%emt 00:00:09]} 34. g3 {[%clk 01:15:49]}
{[%emt 00:00:41]} a5 {[%clk 00:57:01]} {[%emt 00:00:20]} 35. Kg2 {[%clk
01:16:11]} {[%emt 00:00:05]} Rf5 {[%clk 00:55:54]} {[%emt 00:01:37]} 36. g4
{[%clk 01:16:26]} {[%emt 00:00:15]} hxg4 {[%clk 00:56:14]} {[%emt 00:00:12]}
37. hxg4 {[%clk 01:16:44]} {[%emt 00:00:12]} Rf4 {[%emt 00:00:12]} 38. g5+
{[%emt 00:00:09]} Kxg5 {[%clk 00:56:08]} {[%emt 00:00:15]} 39. Ra7 {[%clk
01:16:38]} {[%emt 00:00:36]} Rxf6 {[%clk 00:55:52]} {[%emt 00:00:47]} 40. Rxa5
{[%clk 01:17:00]} {[%emt 00:00:08]} Kh4 {[%clk 00:55:17]} {[%emt 00:01:01]} 41.
Ra4+ {[%clk 01:17:21]} {[%emt 00:00:14]} Kh5 {[%clk 00:55:18]} {[%emt
00:00:25]} 42. Kg3 {[%clk 01:17:27]} {[%emt 00:00:27]} g5 {[%clk 00:54:24]}
{[%emt 00:01:19]} 43. Rc4 {[%clk 01:17:33]} {[%emt 00:00:29]} Re6 {[%clk
00:52:06]} {[%emt 00:02:42]} 44. Rc3 {[%clk 01:17:35]} {[%emt 00:00:35]} g4
{[%clk 00:52:03]} {[%emt 00:00:30]} 45. Rc4 {[%clk 01:15:56]} {[%emt 00:02:12]}
Re3+ {[%clk 00:46:43]} {[%emt 00:05:46]} 46. Kg2 {[%clk 01:16:14]} {[%emt
00:00:14]} Kh4 {[%clk 00:45:45]} {[%emt 00:01:28]} 47. Kf2 {[%clk 01:16:15]}
{[%emt 00:00:30]} Rf3+ {[%clk 00:45:34]} {[%emt 00:00:27]} 48. Kg2 {[%clk
01:16:24]} {[%emt 00:00:35]} Ra3 {[%clk 00:44:40]} {[%emt 00:01:14]} 49. Rc2
{[%clk 01:15:43]} {[%emt 00:01:22]} Rg3+ {[%clk 00:43:53]} {[%emt 00:01:17]}
50. Kf2 {[%clk 01:15:49]} {[%emt 00:00:22]} Kh3 {[%clk 00:44:03]} {[%emt
00:00:20]} 51. Rc1 {[%clk 01:15:58]} {[%emt 00:00:23]} Rg2+ {[%clk 00:44:12]}
{[%emt 00:00:18]} 52. Ke3 {[%clk 01:16:12]} {[%emt 00:00:19]} Rg3+ {[%clk
00:42:44]} {[%emt 00:01:57]} 53. Kf4 {[%clk 01:16:31]} {[%emt 00:00:11]} Rf3+
{[%clk 00:42:02]} {[%emt 00:01:11]} 54. Ke5 {[%clk 01:16:54]} {[%emt 00:00:06]}
g3 {[%clk 00:40:52]} {[%emt 00:01:42]} 55. Rh1+ {[%clk 01:17:15]} {[%emt
00:00:09]} Kg2 {[%clk 00:41:00]} {[%emt 00:00:22]} 56. Ra1 {[%clk 01:17:13]}
{[%emt 00:00:33]} Kh2 {[%clk 00:41:07]} {[%emt 00:00:20]} 57. Kd6 {[%clk
01:17:36]} {[%emt 00:00:09]} Rf6+ {[%clk 00:41:19]} {[%emt 00:00:17]} 58. Kc7
{[%clk 01:17:56]} {[%emt 00:00:12]} g2 {[%clk 00:41:36]} {[%emt 00:00:11]} 59.
Ra2 {[%clk 01:18:21]} {[%emt 00:00:07]} Kh1 {[%clk 00:41:52]} {[%emt 00:00:14]}
60. Ra1+ {[%clk 01:18:41]} {[%emt 00:00:10]} g1=Q {[%clk 00:42:09]} {[%emt
00:00:13]} 61. Rxg1+ {[%clk 01:18:21]} {[%emt 00:00:11]} Kxg1 {[%clk 00:42:32]}
{[%emt 00:01:22]} 62. Kb6 {[%clk 01:19:11]} {[%emt 00:00:09]} Kf2 {[%clk
00:42:49]} {[%emt 00:00:12]} 63. Kc7 {[%clk 01:19:28]} {[%emt 00:00:13]} Ke3
{[%clk 00:43:05]} {[%emt 00:00:14]} 64. Kb7 {[%clk 01:19:45]} {[%emt 00:00:14]}
Kd4 {[%clk 00:43:27]} {[%emt 00:00:08]} 65. Kb6 {[%clk 01:20:05]} {[%emt
00:00:10]} Rf5 {[%clk 00:43:19]} {[%emt 00:00:38]} 66. Kxc6 {[%clk 01:20:16]}
{[%emt 00:00:19]} Rxc5+ {[%clk 00:43:41]} {[%emt 00:00:08]} 67. Kd6 {[%clk
01:20:39]} {[%emt 00:00:07]} Kc4 {[%clk 00:42:45]} {[%emt 00:01:25]} 68. Ke6
{[%clk 01:20:59]} {[%emt 00:00:10]} Rd5 {[%clk 00:43:03]} {[%emt 00:00:13]} 69.
Kf6 {[%clk 01:21:10]} {[%emt 00:00:18]} Kd4 {[%clk 00:43:15]} {[%emt 00:00:18]}
70. Ke7 {[%clk 01:21:25]} {[%emt 00:00:15]} Ke5 {[%clk 00:43:30]} {[%emt
00:00:15]} 71. Kf7 {[%clk 01:21:39]} {[%emt 00:00:17]} Ra5 {[%clk 00:43:21]}
{[%emt 00:00:38]} 72. Kg6 {[%clk 01:21:56]} {[%emt 00:00:13]} Kf4 {[%clk
00:43:35]} {[%emt 00:00:15]} 73. Kf6 {[%clk 01:22:07]} {[%emt 00:00:20]} Ra6+
{[%clk 00:43:41]} {[%emt 00:00:24]} 74. Ke7 {[%clk 01:22:22]} {[%emt 00:00:17]}
Ke5 {[%clk 00:43:58]} {[%emt 00:00:11]} 75. Kd7 {[%clk 01:22:30]} {[%emt
00:00:22]} Re6 {[%clk 00:41:19]} {[%emt 00:03:06]} 76. Kc7 {[%emt 00:00:16]}
Rd6 {[%emt 00:00:18]} 77. Kb7 {[%clk 01:22:13]} {[%emt 00:00:16]} Kd5 {[%clk
00:39:42]} {[%emt 00:02:08]} 78. Kc7 {[%clk 01:22:21]} {[%emt 00:00:22]} Kc5
{[%clk 00:39:52]} {[%emt 00:00:17]} 79. Kb7 {[%clk 01:22:37]} {[%emt 00:00:17]}
Rc6 {[%clk 00:39:58]} {[%emt 00:00:24]} 80. Kb8 {[%emt 00:00:17]} Kb6 {[%emt
00:00:46]} 81. Ka8 {[%clk 01:21:43]} {[%emt 00:00:23]} Rc8# {[%clk 00:40:19]}
{[%emt 00:00:06]} 0-1

[Event "DEM U10w 2023"]
[Site "Willingen GER"]
[Date "2023.05.29"]
[Round "3"]
[White "Buntin, Amelia Bernadette"]
[Black "Bräutigam, Viktoria"]
[Result "0-1"]
[Termination "normal"]
[Board "17"]
[WhiteElo "737"]
[BlackElo "770"]
[WhiteClock "01:14:14"]
[BlackClock "00:57:13"]
[PlyCount "54"]
[WhiteFideId "34649581"]
[BlackFideId "34638652"]
[EventCountry "GER"]
[EventRounds "11"]
[EventType "swiss"]
[EventDate "2023.05.27"]

1. e4 {[%clk 01:15:55]} {[%emt 00:00:04]} e5 {[%clk 01:15:52]} {[%emt
00:00:08]} 2. Nf3 {[%clk 01:16:08]} {[%emt 00:00:17]} Nc6 {[%clk 01:16:07]}
{[%emt 00:00:15]} 3. Bc4 {[%clk 01:16:27]} {[%emt 00:00:11]} Bc5 {[%clk
01:15:55]} {[%emt 00:00:41]} 4. c3 {[%clk 01:16:50]} {[%emt 00:00:09]} Nf6
{[%clk 01:15:19]} {[%emt 00:01:04]} 5. d4 {[%clk 01:17:11]} {[%emt 00:00:09]}
exd4 {[%clk 01:15:15]} {[%emt 00:00:30]} 6. cxd4 {[%clk 01:16:43]} {[%emt
00:01:02]} Bb4+ {[%clk 01:15:34]} {[%emt 00:00:11]} 7. Bd2 {[%clk 01:16:48]}
{[%emt 00:00:26]} Bxd2+ {[%clk 01:14:47]} {[%emt 00:01:09]} 8. Nbxd2 {[%clk
01:14:15]} {[%emt 00:03:09]} O-O {[%clk 01:14:58]} {[%emt 00:00:19]} 9. e5
{[%clk 01:14:35]} {[%emt 00:00:12]} Nxd4 {[%clk 01:12:56]} {[%emt 00:02:29]}
10. exf6 {[%clk 01:14:45]} {[%emt 00:00:21]} Nxf3+ {[%clk 01:12:41]} {[%emt
00:00:44]} 11. Nxf3 {[%clk 01:14:54]} {[%emt 00:00:24]} Qxf6 {[%clk 01:12:28]}
{[%emt 00:00:42]} 12. O-O {[%clk 01:15:00]} {[%emt 00:00:25]} Qxb2 {[%clk
01:10:54]} {[%emt 00:02:02]} 13. Re1 {[%clk 01:15:09]} {[%emt 00:00:22]} d6
{[%clk 01:10:14]} {[%emt 00:01:10]} 14. Qd3 {[%clk 01:14:56]} {[%emt 00:00:43]}
a5 {[%clk 01:04:34]} {[%emt 00:06:11]} 15. Qe3 {[%clk 01:15:09]} {[%emt
00:00:17]} Bf5 {[%clk 01:04:13]} {[%emt 00:00:50]} 16. Re2 {[%clk 01:14:53]}
{[%emt 00:00:47]} g6 {[%clk 01:04:10]} {[%emt 00:00:31]} 17. Rxb2 {[%clk
01:14:34]} {[%emt 00:00:50]} Rfe8 {[%clk 01:03:45]} {[%emt 00:00:55]} 18. Qb3
{[%clk 01:14:39]} {[%emt 00:00:26]} b6 {[%clk 01:03:05]} {[%emt 00:01:11]} 19.
Qa4 {[%clk 01:14:53]} {[%emt 00:00:16]} Be6 {[%clk 01:02:03]} {[%emt 00:01:31]}
20. Bb5 {[%emt 00:02:06]} Red8 {[%clk 01:01:08]} 21. Ng5 {[%clk 01:14:43]}
{[%emt 00:00:29]} Bf5 {[%clk 00:59:56]} {[%emt 00:01:40]} 22. Qc4 {[%clk
01:13:34]} {[%emt 00:01:31]} d5 {[%clk 00:59:12]} {[%emt 00:01:23]} 23. Qd4
{[%clk 01:13:36]} {[%emt 00:00:28]} Rd6 {[%clk 00:57:46]} {[%emt 00:01:55]} 24.
Bc6 {[%clk 01:13:40]} {[%emt 00:00:27]} Rad8 {[%clk 00:57:12]} {[%emt
00:01:03]} 25. Bxd5 {[%clk 01:13:48]} {[%emt 00:00:22]} Rxd5 {[%clk 00:57:25]}
{[%emt 00:00:16]} 26. Qf6 {[%clk 01:14:03]} {[%emt 00:00:16]} Rd1+ {[%clk
00:57:13]} {[%emt 00:00:42]} 27. Rxd1 {[%clk 01:14:14]} {[%emt 00:00:19]} Rxd1#
{[%emt 00:00:56]} 0-1